| 000 | 01045nam a22002537a 4500 | ||
|---|---|---|---|
| 005 | 20170124102933.0 | ||
| 010 | _aA-989987 | ||
| 020 |
_c150.00 _a8170556783 |
||
| 035 | _aA-989987 | ||
| 037 | _bCen Lib/Ret | ||
| 040 |
_aDPL _bHN |
||
| 082 |
_a821 _bफिराक |
||
| 100 |
_aफिराक़ गोरखपुरी _945668 |
||
| 245 |
_aधरती की करवट / _cफिराक गोरखपुरी |
||
| 246 |
_aDharti ki karvat / _bby Firaque Gorakhpuri |
||
| 260 |
_aनयी दिल्ली _bवाणी प्रकाशन _c1999 |
||
| 270 |
_a21-ए, दरिया गंज _bनयी दिल्ली _e110002 |
||
| 300 |
_a164पृ. _c19सेमी (सजिल्द) |
||
| 650 |
_aहिन्दी साहित्य _945669 |
||
| 650 |
_aप्रगतिशील साहित्य _xकाव्य _945670 |
||
| 650 |
_aHindi literature _945671 |
||
| 650 |
_aProgressive literature _xPoetry _945672 |
||
| 942 |
_2ddc _cHN _h821 _mफिराक |
||
| 999 |
_c112055 _d112055 |
||